[Event "Lleida op"]
[Site "Lleida"]
[Date "2016.04.30"]
[Round "2.9"]
[White "Rodon Balcells, Jaume"]
[Black "Alcazo Castellarnau, Jaume"]
[Result "1-0"]
[WhiteElo "1821"]
[BlackElo "1672"]
[PlyCount "87"]
[EventDate "2016.04.23"]
[EventType "swiss"]
[EventRounds "9"]
[EventCountry "ESP"]
[SourceTitle "EXT 2024"]
[Source "ChessBase"]
[SourceDate "2023.10.10"]
[SourceVersion "1"]
[SourceVersionDate "2023.10.10"]
[SourceQuality "1"]

1. e4 e6 2. d4 d5 3. Nc3 c5 4. exd5 exd5 5. dxc5 Nf6 6. Bb5+ Bd7 7. Qe2+ Be7 8. Bg5 Bxb5 9. Qxb5+ Qd7 10. 0-0-0 d4 11. Rxd4 Qxb5 12. Nxb5 Na6 13. b4 0-0 14. Nf3 h6 15. Bf4 Ng4 16. h3 Bf6 17. Rc4 Nxf2 18. Rf1 Nxh3 19. gxh3 Rfe8 20. Re1 Rxe1+ 21. Nxe1 Re8 22. Kd2 Bh4 23. Nf3 Rd8+ 24. Nd6 Bf6 25. Ne5 b6 26. Nexf7 Rd7 27. Ne5 Bxe5 28. Bxe5 bxc5 29. bxc5 Nb8 30. c6 Rc7 31. Ne8 Rxc6 32. Rg4 g5 33. Bxb8 Rc8 34. Nf6+ Kf7 35. Be5 Rc5 36. Bd4 Rc7 37. h4 gxh4 38. Rxh4 Kg6 39. c3 Kg5 40. Rh1 Rb7 41. Ne4+ Kf4 42. Kd3 Rd7 43. Rf1+ Kg4 44. Nf6+ 1-0